[Event "21e tournoi de Noël"]
[Site "Montigny le Bretonneux"]
[Date "2021.12.29"]
[Round "6.2"]
[White "Chaintreau, Thomas"]
[Black "Joslin, Jerome"]
[Result "0-1"]
[WhiteElo "1665"]
[BlackElo "2048"]
[Annotator "Rivier,Sylvain"]
[PlyCount "48"]
[EventDate "2021.??.??"]

{Partie du pion dame} 1. Nf3 d5 2. d4 Nf6 3. g3 e6 4. Bg2 c5 5. O-O Nc6 6. dxc5
Bxc5 7. Nbd2 e5 8. Nb3 Bb6 9. Bg5 Be6 10. c3 h6 11. Bxf6 Qxf6 12. Qc2 e4 13.
Nfd2 h5 14. e3 h4 15. Nd4 Nxd4 16. cxd4 hxg3 17. fxg3 Qh6 18. Kf2 Rc8 19. Qa4+
Bd7 20. Qb3 Rc6 21. h4 Bc7 22. Qxd5 Bxg3+ 23. Kg1 Qxe3+ 24. Kh1 Rxh4+ 0-1

[Event "21e tournoi de Noël"]
[Site "Montigny le Bretonneux"]
[Date "2021.12.29"]
[Round "6.3"]
[White "Weens, William"]
[Black "Breteau-Ribeiro, Charles"]
[Result "0-1"]
[WhiteElo "1697"]
[BlackElo "1199"]
[Annotator "Rivier,Sylvain"]
[PlyCount "122"]
[EventDate "2021.??.??"]

{Partie espagnole, gambit Marshall} 1. e4 e5 2. Nf3 Nc6 3. Bb5 a6 4. Ba4 Nf6 5.
O-O Be7 6. Re1 b5 7. Bb3 O-O 8. c3 d5 9. exd5 Nxd5 10. Nxe5 Nxe5 11. Rxe5 c6
12. d4 Bd6 13. Re4 Bf5 14. Bxd5 cxd5 15. Re1 Qh4 16. g3 Qh3 17. Nd2 Rae8 18.
Rxe8 Rxe8 19. Qf1 Qxf1+ 20. Nxf1 Re1 21. Kg2 Be4+ 22. f3 Re2+ 23. Kg1 Bxf3 24.
Ne3 g6 25. a4 bxa4 26. Rxa4 Bf8 27. Rxa6 Bh6 28. Ra8+ Kg7 29. Re8 Be4 30. b4
Bxe3+ 31. Bxe3 Rxe3 32. Rc8 Bd3 33. Rc5 Bc4 34. b5 Rxc3 35. b6 Rb3 36. Rc6 Ba6
37. Kg2 Bb7 38. Rd6 Kf8 39. Rd8+ Ke7 40. Rh8 Rxb6 41. Rxh7 Re6 42. Rh8 Re4 43.
Rb8 Ba6 44. Rb4 Bc4 45. Rb7+ Kf6 46. Rb6+ Kg7 47. Kf3 Rxd4 48. g4 g5 49. Rd6
Kf8 50. Kg3 Ke7 51. Rb6 Rd3+ 52. Kg2 Rb3 53. Rh6 d4 54. Kf2 Rb2+ 55. Ke1 Be6
56. Rh3 Kd6 57. Rd3 Ke5 58. h3 Ke4 59. Ra3 d3 60. h4 d2+ 61. Kf2 d1=Q+ 0-1

[Event "21e tournoi de NoÃ«l"]
[Site "Montigny le Bretonneux"]
[Date "2021.12.29"]
[Round "6.4"]
[White "Mahe, Romain"]
[Black "Kunne, Ronald"]
[Result "1-0"]
[WhiteElo "1971"]
[BlackElo "1531"]
[Annotator "Rivier,Sylvain"]
[PlyCount "101"]
[EventDate "2021.??.??"]

{DÃ©fense franÃ§aise, variante classique} 1. e4 e6 2. d4 d5 3. Nc3 dxe4 4. Nxe4
Nd7 5. Nf3 Ngf6 6. Bg5 h6 7. Bxf6 Nxf6 8. Bd3 Nxe4 9. Bxe4 c5 10. d5 Bd6 11.
dxe6 Bxe6 12. Bxb7 Qe7 13. O-O Bxh2+ 14. Nxh2 Qxb7 15. Qd6 Qb6 16. Rad1 Qxd6
17. Rxd6 Ke7 18. Rc6 Rac8 19. Ra6 Rc7 20. Nf3 Rd8 21. Re1 Rd6 22. Ra5 f6 23.
Re3 Rb6 24. b3 Kd6 25. Nd2 c4 26. Ne4+ Ke7 27. f4 cxb3 28. cxb3 Kf7 29. Nc3 a6
30. f5 Bc8 31. Nd5 Rc1+ 32. Kf2 Rd6 33. g4 Rd1 34. Nc3 R1d2+ 35. Re2 R2d3 36.
Ne4 R6d5 37. Rxd5 Rxd5 38. Rc2 Bd7 39. Rc7 Ke8 40. Nc5 Bxf5 41. gxf5 Rxf5+ 42.
Kg3 Rg5+ 43. Kf4 g6 44. b4 h5 45. Nxa6 Rg2 46. a4 h4 47. Rh7 f5 48. a5 Rg4+ 49.
Ke5 f4 50. Nc7+ Kf8 51. a6 1-0

[Event "21e tournoi de NoÃ«l"]
[Site "Montigny le Bretonneux"]
[Date "2021.12.29"]
[Round "6.5"]
[White "Divies, Renaud"]
[Black "Vadillo Torre, Ismael"]
[Result "1-0"]
[WhiteElo "1954"]
[BlackElo "1578"]
[Annotator "Rivier,Sylvain"]
[PlyCount "115"]
[EventDate "2021.??.??"]

{DÃ©fense est-indienne, variante yougoslave} 1. c4 c5 2. g3 Nf6 3. Bg2 Nc6 4.
Nc3 g6 5. e3 d6 6. d4 cxd4 7. exd4 Bg7 8. Nf3 O-O 9. O-O Re8 10. d5 Na5 11. Qa4
Bd7 12. Qb4 b6 13. Be3 Ng4 14. Bd4 Rc8 15. b3 e5 16. dxe6 Nc6 17. exf7+ Kxf7
18. Qxd6 Nxd4 19. Nxd4 Be5 20. Qd5+ Kg7 21. Rad1 Rc5 22. Qb7 Rc7 23. Qf3 Rf8
24. Ne6+ Bxe6 25. Rxd8 Rxf3 26. Nb5 Rff7 27. Nxc7 Bxc7 28. Re8 Bf5 29. Bd5 Rd7
30. Rg8+ Kh6 31. Ra8 a5 32. Rd1 Nf6 33. Bf3 Rxd1+ 34. Bxd1 Bd6 35. f3 Bc5+ 36.
Kg2 Bd7 37. h4 Bc6 38. Rc8 Bb7 39. Rc7 Ba8 40. Kh3 g5 41. hxg5+ Kxg5 42. f4+
Kf5 43. Rg7 h6 44. Bc2+ Be4 45. Bxe4+ Nxe4 46. Rh7 Kg6 47. Rh8 Nf2+ 48. Kg2 Kg7
49. Rc8 Ng4 50. Kf3 h5 51. Ke4 Bf2 52. Rc7+ Kf6 53. Rc6+ Kg7 54. Kf5 Bd4 55.
Kg5 Nf6 56. Rc7+ Kg8 57. Kg6 Kf8 58. Rf7+ 1-0

[Event "21e tournoi de Noël"]
[Site "Montigny le Bretonneux"]
[Date "2021.12.29"]
[Round "6.6"]
[White "Sanchez-Narboni, Quentin"]
[Black "Delmas-Goyon, Francois"]
[Result "0-1"]
[WhiteElo "1514"]
[BlackElo "1877"]
[Annotator "Rivier,Sylvain"]
[PlyCount "76"]
[EventDate "2021.??.??"]

{Partie du pion dame} 1. d4 Nf6 2. Bf4 e6 3. e3 d5 4. Bd3 Bd6 5. Bg3 b6 6. Nd2
O-O 7. e4 dxe4 8. Nxe4 Nxe4 9. Bxe4 c6 10. Qf3 Bb7 11. Ne2 Qd7 12. Qc3 Na6 13.
a3 Rac8 14. O-O-O Nc7 15. Qd3 Ba6 16. Bxh7+ Kh8 17. Qe4 f5 18. Qh4 g5 19. Qxg5
Bxe2 20. Rde1 Kxh7 21. Rxe2 f4 22. f3 Qg7 23. Qh4+ Qh6 24. Qxh6+ Kxh6 25. Be1
Kg6 26. Bd2 Rh8 27. Bc3 Rh6 28. Rhe1 Kf7 29. h3 Rg8 30. Rf2 Rhg6 31. Ree2 Nd5
32. Bd2 Ne3 33. g4 fxg3 34. Bxe3 gxf2 35. Rxf2 Rg1+ 36. Kd2 Rh1 37. f4 Rxh3 38.
f5 Rh2 0-1

[Event "21e tournoi de Noël"]
[Site "Montigny le Bretonneux"]
[Date "2021.12.29"]
[Round "6.7"]
[White "Goujon, Antoine"]
[Black "Gheorghin, Felix"]
[Result "1/2-1/2"]
[WhiteElo "1775"]
[BlackElo "1469"]
[Annotator "Rivier,Sylvain"]
[PlyCount "57"]
[EventDate "2021.??.??"]

{Défense vieille Benoni} 1. d4 c5 2. d5 e5 3. e4 d6 4. Nc3 g6 5. Be2 Bg7 6. Nf3
Nf6 7. Bg5 Nbd7 8. O-O O-O 9. Nd2 a6 10. a4 h6 11. Bh4 g5 12. Bg3 Qe7 13. Nc4
Rd8 14. Bg4 Nxg4 15. Qxg4 Nb6 16. Qe2 Nxc4 17. Qxc4 f5 18. f3 f4 19. Be1 Kh7
20. Qe2 h5 21. g4 hxg4 22. fxg4 Rh8 23. Qg2 Bf6 24. Rf3 Kg6 25. Rh3 Bd7 26.
Rxh8 Rxh8 27. a5 Qh7 28. Ra3 Bd8 29. Nd1 1/2-1/2

[Event "21e tournoi de Noël"]
[Site "Montigny le Bretonneux"]
[Date "2021.12.29"]
[Round "6.8"]
[White "Sondermeijer, Damien"]
[Black "Subtil, Thimote"]
[Result "1-0"]
[WhiteElo "1714"]
[BlackElo "1199"]
[Annotator "Rivier,Sylvain"]
[PlyCount "31"]
[EventDate "2021.??.??"]

{Défense Caro-Kann, variante d'avance} 1. e4 c6 2. d4 d5 3. e5 c5 4. dxc5 e6 5.
Be3 Nc6 6. Nf3 Qc7 7. c4 dxc4 8. Bxc4 Nxe5 9. Nxe5 Qxe5 10. Bb5+ Ke7 11. O-O
Nf6 12. Bd4 Qd5 13. Nc3 Qd8 14. Re1 Bd7 15. Bxf6+ gxf6 16. Nd5+ 1-0

[Event "21e tournoi de Noël"]
[Site "Montigny le Bretonneux"]
[Date "2021.12.29"]
[Round "6.9"]
[White "Rosu, Alexandru"]
[Black "Artieres, Michel"]
[Result "1-0"]
[WhiteElo "1245"]
[BlackElo "1681"]
[Annotator "Rivier,Sylvain"]
[PlyCount "51"]
[EventDate "2021.??.??"]

{Défense française, variante d'échange} 1. e4 e6 2. d4 d5 3. exd5 exd5 4. Nf3
Bd6 5. Nc3 c6 6. Bd3 Ne7 7. O-O Bg4 8. Re1 Qc7 9. h3 Bh5 10. Be3 Nd7 11. a3 Nf8
12. b4 Ne6 13. b5 Nf4 14. bxc6 bxc6 15. Bxf4 Bxf4 16. Qe2 Bd6 17. Ba6 O-O 18.
Reb1 Rab8 19. Qd3 Bg6 20. Qe2 Qa5 21. Nd1 Nf5 22. Rxb8 Rxb8 23. Bd3 c5 24. dxc5
Bxc5 25. Qe5 Ne7 26. Qxb8+ 1-0

[Event "21e tournoi de Noël"]
[Site "Montigny le Bretonneux"]
[Date "2021.12.29"]
[Round "6.10"]
[White "Flagiello, Francesco"]
[Black "Marival, Fred"]
[Result "1/2-1/2"]
[WhiteElo "1633"]
[BlackElo "1425"]
[Annotator "Rivier,Sylvain"]
[PlyCount "92"]
[EventDate "2021.??.??"]

{Défense sicilienne, variante hongroise} 1. e4 c5 2. Nf3 d6 3. d4 cxd4 4. Qxd4
Bd7 5. Bg5 Nc6 6. Qd2 Qb6 7. Nc3 e6 8. Be3 Qc7 9. Nb5 Qb8 10. O-O-O Nf6 11. Bd3
a6 12. Nbd4 Be7 13. h3 O-O 14. g4 Nxd4 15. Nxd4 Bc6 16. Nxc6 bxc6 17. g5 Nd7
18. f4 d5 19. h4 Nc5 20. Bxc5 Bxc5 21. e5 Qb6 22. Rh3 Rab8 23. c3 d4 24. c4 Rb7
25. Qc2 g6 26. h5 Rfb8 27. b3 Ba3+ 28. Kd2 Qb4+ 29. Ke2 Qc3 30. hxg6 Qxc2+ 31.
Bxc2 fxg6 32. Rxd4 Bc1 33. Rh1 c5 34. Rd6 Bxf4 35. Rxe6 Bxg5 36. Rxa6 Rb6 37.
Rxb6 Rxb6 38. Be4 Kg7 39. Bd5 Ra6 40. a4 h5 41. Rf1 Rb6 42. Rf7+ Kh6 43. a5 Ra6
44. e6 Rxa5 45. e7 Ra2+ 46. Kd3 Rd2+ 1/2-1/2

[Event "21e tournoi de Noël"]
[Site "Montigny le Bretonneux"]
[Date "2021.12.29"]
[Round "6.11"]
[White "Payot, Guillaume"]
[Black "Imbert, Christophe"]
[Result "0-1"]
[WhiteElo "1286"]
[BlackElo "1880"]
[Annotator "Rivier,Sylvain"]
[PlyCount "44"]
[EventDate "2021.??.??"]

{Défense Grünfeld, variante d'échange} 1. d4 Nf6 2. c4 g6 3. Nc3 d5 4. cxd5
Nxd5 5. e4 Nxc3 6. bxc3 Bg7 7. Bg5 c5 8. Rc1 cxd4 9. cxd4 O-O 10. Nf3 Bg4 11.
Be2 Qa5+ 12. Qd2 Qxd2+ 13. Kxd2 Nc6 14. d5 h6 15. dxc6 hxg5 16. cxb7 Rfd8+ 17.
Ke3 Rab8 18. Ba6 Kf8 19. Rc7 Bb2 20. Rb1 Ba3 21. Ne5 Be6 22. Rxe7 Bc5+ 0-1

[Event "21e tournoi de NoÃ«l"]
[Site "Montigny le Bretonneux"]
[Date "2021.12.29"]
[Round "6.12"]
[White "Flagiello, Domenico"]
[Black "Barthere, Gilles"]
[Result "0-1"]
[WhiteElo "1209"]
[BlackElo "1350"]
[Annotator "Rivier,Sylvain"]
[PlyCount "106"]
[EventDate "2021.??.??"]

{DÃ©fense ouest-indienne} 1. Nf3 Nf6 2. d4 b6 3. c4 e6 4. Nc3 Bb7 5. Bg5 Be7 6.
Bxf6 Bxf6 7. e4 d6 8. Be2 Nd7 9. O-O O-O 10. Qc2 c5 11. d5 Ne5 12. Rad1 Nxf3+
13. Bxf3 Be5 14. Bg4 Qh4 15. Bh3 f5 16. f3 g5 17. exf5 exf5 18. Qf2 Qxc4 19.
Qe2 Qxe2 20. Nxe2 Bxb2 21. Ng3 Bd4+ 22. Kh1 Bc8 23. Rfe1 Be5 24. Nh5 g4 25. f4
Bd4 26. Re7 gxh3 27. gxh3 Ba6 28. Rd2 Bc4 29. Rg2+ Kh8 30. Ng7 Bxd5 31. Ne6 Rg8
32. Ng5 Bxg2+ 33. Kxg2 Rxg5+ 34. fxg5 Rg8 35. h4 h6 36. Kf3 hxg5 37. h5 Be5 38.
Rxa7 g4+ 39. Ke2 b5 40. h6 b4 41. a4 bxa3 42. Rxa3 Bxh2 43. Ra7 Rf8 44. Kf2 f4
45. Kg2 g3 46. Kh3 f3 47. Kh4 f2 48. Kh5 f1=Q 49. Rh7+ Kxh7 50. Kh4 Qf6+ 51.
Kh3 Qxh6+ 52. Kg2 Rf2+ 53. Kh1 Qc1# 0-1

[Event "21e tournoi de Noël"]
[Site "Montigny le Bretonneux"]
[Date "2021.12.29"]
[Round "6.13"]
[White "Aidan, David"]
[Black "Sondermeijer, Antoine"]
[Result "1/2-1/2"]
[WhiteElo "1302"]
[BlackElo "1485"]
[Annotator "Rivier,Sylvain"]
[PlyCount "63"]
[EventDate "2021.??.??"]

{Défense sicilienne, vaiante O'Kelly} 1. e4 c5 2. c3 d5 3. exd5 Qxd5 4. d4 a6
5. Nf3 Nc6 6. Be3 Nf6 7. Na3 cxd4 8. cxd4 b5 9. Be2 e5 10. dxe5 Qxd1+ 11. Rxd1
Ng4 12. Bf4 Bb4+ 13. Kf1 Bc5 14. Bg3 O-O 15. h3 Nh6 16. Rc1 Bxa3 17. bxa3 Ne7
18. Kg1 Nhf5 19. Kh2 Nxg3 20. Kxg3 Be6 21. Rc2 Rac8 22. Rhc1 Bxa2 23. Bd3 Be6
24. Ng5 Rxc2 25. Rxc2 Bf5 26. Bxf5 Nxf5+ 27. Kh2 h6 28. Ne4 Nd4 29. Rc7 Ne6 30.
Rb7 Nd8 31. Rc7 Ne6 32. Rb7 1/2-1/2

[Event "21e tournoi de NoÃ«l"]
[Site "Montigny le Bretonneux"]
[Date "2021.12.29"]
[Round "6.14"]
[White "Longbien, Dominique"]
[Black "Plancade, Philajit"]
[Result "1/2-1/2"]
[WhiteElo "1417"]
[BlackElo "1273"]
[Annotator "Rivier,Sylvain"]
[PlyCount "149"]
[EventDate "2021.??.??"]

{Partie du pion dame} 1. d4 Nf6 2. Bf4 e6 3. e3 d5 4. Nf3 c5 5. c3 b6 6. Nbd2
Nc6 7. Bd3 Bd6 8. Bg3 O-O 9. O-O Bb7 10. e4 dxe4 11. Nxe4 Nxe4 12. Bxe4 Bxg3
13. fxg3 cxd4 14. Nxd4 Qc7 15. Qh5 g6 16. Qg5 Nxd4 17. Bxb7 Qxb7 18. cxd4 Rad8
19. Rf4 Rd5 20. Qf6 Qc6 21. h4 Qc2 22. Raf1 Qc7 23. g4 Qd8 24. Qxd8 Rdxd8 25.
R1f3 Rd5 26. Rc3 Rfd8 27. Rc7 R8d7 28. Rc8+ Kg7 29. Kf2 Rxd4 30. Ke3 Rd2 31.
Rc7 R7d3+ 32. Ke4 Rd4+ 33. Ke5 Rxf4 34. Kxf4 Rxg2 35. Rxa7 Rxb2 36. h5 gxh5 37.
gxh5 Rb5 38. Kg4 Ra5 39. Rb7 Rxa2 40. Rxb6 Ra7 41. Kg5 f6+ 42. Kg4 Re7 43. Kf4
Kf7 44. Rc6 Ra7 45. Rc4 Ke7 46. Rc8 Kf7 47. Rc4 Kg7 48. Kg4 Rf7 49. Rc6 f5+ 50.
Kg5 h6+ 51. Kf4 Kf6 52. Rb6 Rg7 53. Rb8 e5+ 54. Kf3 Kg5 55. Rf8 e4+ 56. Ke3 Kg4
57. Rf6 Rg5 58. Rxh6 Rxh5 59. Rg6+ Rg5 60. Rf6 Rg8 61. Rf7 Kg5 62. Re7 Kf6 63.
Ra7 Re8 64. Ra6+ Re6 65. Ra8 Rb6 66. Kf4 Rb5 67. Ra6+ Ke7 68. Rh6 Kd7 69. Rg6
Kc7 70. Rf6 Kb7 71. Re6 Ka7 72. Rf6 Rb3 73. Rxf5 Rf3+ 74. Kxe4 Rxf5 75. Kxf5
1/2-1/2

[Event "21e tournoi de Noël"]
[Site "Montigny le Bretonneux"]
[Date "2021.12.29"]
[Round "6.15"]
[White "Chaintreau, Maxime"]
[Black "Ries, Antoine"]
[Result "1-0"]
[WhiteElo "1329"]
[BlackElo "1267"]
[Annotator "Rivier,Sylvain"]
[PlyCount "71"]
[EventDate "2021.??.??"]

{Gambit dame, défense slave} 1. d4 d5 2. c4 c6 3. Nc3 Nd7 4. cxd5 cxd5 5. Nxd5
Qa5+ 6. Nc3 e5 7. dxe5 Nxe5 8. Qd5 Qxd5 9. Nxd5 Bd6 10. e4 Ne7 11. f4 Nxd5 12.
fxe5 Bb4+ 13. Bd2 Bxd2+ 14. Kxd2 Nb6 15. Nf3 O-O 16. b3 a6 17. Ke3 Bg4 18. h3
Bxf3 19. gxf3 Rac8 20. Bd3 Rfe8 21. f4 Nd7 22. Rac1 Kf8 23. Rxc8 Rxc8 24. Rh2
Ke7 25. Rc2 Rxc2 26. Bxc2 f6 27. exf6+ gxf6 28. Kd4 Kd6 29. Bd3 h6 30. Bc4 a5
31. a4 h5 32. h4 Nc5 33. e5+ fxe5+ 34. fxe5+ Kc6 35. Bd5+ Kb6 36. e6 1-0

[Event "21e tournoi de Noël"]
[Site "Montigny le Bretonneux"]
[Date "2021.12.29"]
[Round "6.16"]
[White "Dufraisse, Matteo"]
[Black "Tanchoux, Pierre"]
[Result "1-0"]
[WhiteElo "1280"]
[BlackElo "1312"]
[Annotator "Rivier,Sylvain"]
[PlyCount "33"]
[EventDate "2021.??.??"]

{Ouverture anglaise, variante des quatre cavaliers} 1. c4 e5 2. Nc3 Nf6 3. Nf3
Nc6 4. d4 exd4 5. Nxd4 Bb4 6. Nxc6 bxc6 7. Bg5 O-O 8. e3 d5 9. cxd5 cxd5 10.
Be2 Qd6 11. O-O Bb7 12. Bxf6 gxf6 13. Bg4 Qc6 14. Qd4 Bc5 15. Qf4 d4 16. Bf3
Qb6 17. Na4 1-0

[Event "21e tournoi de Noël"]
[Site "Montigny le Bretonneux"]
[Date "2021.12.29"]
[Round "6.17"]
[White "Bauchaire, Isaac"]
[Black "Rosu, Andrei"]
[Result "0-1"]
[WhiteElo "1109"]
[BlackElo "1241"]
[Annotator "Rivier,Sylvain"]
[PlyCount "72"]
[EventDate "2021.??.??"]

{Partie italienne, guiocco piano} 1. e4 e5 2. Nf3 Nc6 3. Bc4 Bc5 4. c3 Nf6 5.
d3 d6 6. b4 Bb6 7. a4 a6 8. a5 Ba7 9. O-O Be6 10. Ba2 O-O 11. Be3 Qd7 12. Nbd2
Bxa2 13. Rxa2 d5 14. Bxa7 Rxa7 15. Re1 d4 16. Nc4 Re8 17. cxd4 exd4 18. Qb1 h6
19. e5 Nd5 20. Rae2 Nc3 21. e6 fxe6 22. Qb3 Nxe2+ 23. Rxe2 Qd5 24. Nfe5 Raa8
25. Nxc6 Qxc6 26. f4 Rad8 27. f5 Kh8 28. Ne5 Qc1+ 29. Kf2 Qf4+ 30. Kg1 Qxf5 31.
b5 axb5 32. Qxb5 Rf8 33. Qb1 Rd5 34. Nf3 Rb5 35. Qe1 Qxd3 36. Rxe6 Rb1 0-1

[Event "21e tournoi de Noël"]
[Site "Montigny le Bretonneux"]
[Date "2021.12.29"]
[Round "6.18"]
[White "Bauchaire, Gerard"]
[Black "Couradin, Bruno"]
[Result "0-1"]
[WhiteElo "1248"]
[BlackElo "1454"]
[Annotator "Rivier,Sylvain"]
[PlyCount "78"]
[EventDate "2021.??.??"]

{Partie italienne, guiocco piano} 1. e4 e5 2. Nf3 Nc6 3. Bc4 h6 4. c3 Nf6 5. d3
Bc5 6. b4 Bb6 7. h3 O-O 8. a4 a6 9. a5 Ba7 10. O-O d6 11. Be3 Qe7 12. Re1 Be6
13. Ba2 d5 14. exd5 Nxd5 15. Bxa7 Rxa7 16. Nxe5 Nxe5 17. Rxe5 Qd6 18. d4 Raa8
19. Bxd5 Bxd5 20. Qd3 Rfe8 21. f4 f6 22. Rxe8+ Rxe8 23. g3 Qe6 24. Qf1 Bc4 25.
Qf2 Qxh3 26. Nd2 Re2 27. Nxc4 Rxf2 28. Kxf2 Qh2+ 29. Kf3 Qc2 30. Ra3 g5 31. Kg4
gxf4 32. Kxf4 Qf2+ 33. Kg4 Qe2+ 34. Kf5 Qxc4 35. Kxf6 Qd3 36. Ra1 Qxc3 37. Ra2
Qxd4+ 38. Kg6 Qxb4 39. Re2 Qg4+ 0-1

[Event "21e tournoi de Noël"]
[Site "Montigny le Bretonneux"]
[Date "2021.12.29"]
[Round "6.19"]
[White "Chaintreau, Cedric"]
[Black "Gros, Arthur"]
[Result "1-0"]
[WhiteElo "1092"]
[BlackElo "1199"]
[Annotator "Rivier,Sylvain"]
[PlyCount "47"]
[EventDate "2021.??.??"]

{Défense scandinave} 1. e4 d5 2. exd5 Nf6 3. d3 Nxd5 4. Nf3 Nc6 5. c4 Nf6 6.
Nc3 e5 7. Bg5 Be7 8. Be2 Bf5 9. O-O O-O 10. a3 h6 11. Bxf6 Bxf6 12. b4 Nd4 13.
Rc1 Nxf3+ 14. gxf3 Bh4 15. Ne4 Bh3 16. Re1 f5 17. Ng3 Qg5 18. Bf1 Bxf1 19. Kxf1
Rae8 20. Ke2 Bxg3 21. fxg3 e4 22. dxe4 fxe4 23. f4 e3 24. fxg5 {suite illisible
} 1-0

[Event "21e tournoi de NoÃ«l"]
[Site "Montigny le Bretonneux"]
[Date "2021.12.30"]
[Round "7.1"]
[White "Mahe, Romain"]
[Black "Ribiere, Damien"]
[Result "0-1"]
[WhiteElo "1971"]
[BlackElo "2030"]
[Annotator "Rivier,Sylvain"]
[PlyCount "76"]
[EventDate "2021.??.??"]

{DÃ©fense Pirc} 1. e4 d6 2. d4 Nf6 3. Bd3 g6 4. c3 Bg7 5. f4 O-O 6. Nf3 Nc6 7.
e5 dxe5 8. fxe5 Nh5 9. O-O Bg4 10. h3 Bxf3 11. Qxf3 Bxe5 12. Be4 Bg7 13. Bxc6
bxc6 14. Qxc6 e5 15. dxe5 Bxe5 16. Na3 Qd3 17. Qf3 Qd6 18. g4 Ng7 19. Kg2 Qe6
20. Bh6 Rab8 21. b3 f5 22. g5 f4 23. Bxg7 Bxg7 24. Rad1 Qa6 25. Qd5+ Kh8 26.
Qc5 f3+ 27. Kg1 Qe2 28. Qf2 Qe7 29. Nc4 Qxg5+ 30. Kh2 Rbe8 31. Rde1 Rxe1 32.
Rxe1 Bxc3 33. Rg1 Be5+ 34. Kh1 Qf4 35. Nxe5 Qxe5 36. Rf1 Qf5 37. Kh2 c5 38. Rc1
Qf4+ 0-1

[Event "21e tournoi de Noël"]
[Site "Montigny le Bretonneux"]
[Date "2021.12.30"]
[Round "7.2"]
[White "Joslin, Jerome"]
[Black "Breteau-Ribeiro, Charles"]
[Result "1-0"]
[WhiteElo "2048"]
[BlackElo "1199"]
[Annotator "Rivier,Sylvain"]
[PlyCount "83"]
[EventDate "2021.??.??"]

{Défense des deux cavaliers} 1. e4 e5 2. Nf3 Nc6 3. Bc4 Nf6 4. Ng5 d5 5. exd5
Na5 6. Bb5+ c6 7. dxc6 bxc6 8. Qf3 Be7 9. Nc3 O-O 10. Bd3 h6 11. h4 Nd5 12. Bf5
hxg5 13. hxg5 Bxg5 14. Bh7+ Kh8 15. d3 Bh6 16. Bxh6 gxh6 17. Rxh6 Qg5 18. Rh5
Qf4 19. Be4+ Kg7 20. Rh7+ Kg8 21. Qh5 Nf6 22. Qh1 Nb7 23. g3 Qg5 24. Rh8+ Kg7
25. Rxf8 Kxf8 26. Qh8+ Ke7 27. Bxc6 Rb8 28. Bxb7 Rxb7 29. Qxc8 Rxb2 30. Qc5+
Ke6 31. Na4 Rb8 32. Qc6+ Kf5 33. Nc5 Qg4 34. Nd7 Nxd7 35. Qxd7+ Kg5 36. Qxf7
Qb4+ 37. Kf1 Qd4 38. Re1 Rb2 39. Re4 Rb1+ 40. Kg2 Ra1 41. Rg4+ Kxg4 42. Qg6#
1-0

[Event "21e tournoi de Noël"]
[Site "Montigny le Bretonneux"]
[Date "2021.12.30"]
[Round "7.3"]
[White "Divies, Renaud"]
[Black "Rosu, Alexandru"]
[Result "1/2-1/2"]
[WhiteElo "1954"]
[BlackElo "1245"]
[Annotator "Rivier,Sylvain"]
[PlyCount "98"]
[EventDate "2021.??.??"]

{Ouverture anglaise, variante Botvinnik} 1. c4 c5 2. Nc3 Nc6 3. g3 Nf6 4. Bg2
e6 5. e4 Be7 6. Nge2 O-O 7. O-O b6 8. e5 Ne8 9. d4 cxd4 10. Nxd4 Bb7 11. Be3
Qc7 12. f4 Nxd4 13. Bxb7 Qxb7 14. Bxd4 Qc6 15. Qd3 Bc5 16. Ne4 Bxd4+ 17. Qxd4
Rd8 18. f5 d5 19. fxe6 Qxe6 20. c5 bxc5 21. Nxc5 Qb6 22. b4 Nc7 23. a4 Ne6 24.
Nxe6 fxe6 25. Qxb6 Rxf1+ 26. Rxf1 axb6 27. Rc1 Rb8 28. Rc7 Ra8 29. Rb7 Rxa4 30.
Rxb6 d4 31. Kf2 Ra2+ 32. Kf3 d3 33. Rxe6 Rxh2 34. Rd6 Rb2 35. Rd4 Re2 36. Rxd3
Rxe5 37. Rb3 Rb5 38. Ke4 Kf7 39. Kd4 Ke6 40. Kc4 Rb7 41. Rd3 Rd7 42. Rxd7 Kxd7
43. Kd5 h5 44. Ke5 g5 45. Kf5 h4 46. gxh4 gxh4 47. Kg4 Kc6 48. Kxh4 Kb5 49. Kg4
Kxb4 1/2-1/2

[Event "21e tournoi de NoÃ«l"]
[Site "Montigny le Bretonneux"]
[Date "2021.12.30"]
[Round "7.4"]
[White "Delmas-Goyon, Francois"]
[Black "Sondermeijer, Damien"]
[Result "0-1"]
[WhiteElo "1877"]
[BlackElo "1714"]
[Annotator "Rivier,Sylvain"]
[PlyCount "90"]
[EventDate "2021.??.??"]

{Partie espagnole, dÃ©fense fermÃ©e} 1. e4 e5 2. Nf3 Nc6 3. Bb5 a6 4. Ba4 Nf6
5. O-O Be7 6. Re1 b5 7. Bb3 d6 8. c3 O-O 9. a4 Bd7 10. d4 h6 11. Nbd2 Re8 12.
Nf1 Bf8 13. Ng3 Bg4 14. d5 Na5 15. Bc2 Nb7 16. h3 Bd7 17. b4 Qc8 18. Bd2 c6 19.
dxc6 Qxc6 20. Bb3 a5 21. axb5 Qxb5 22. Ba4 Qc4 23. Bb3 Qc7 24. Qb1 Reb8 25. Rc1
Bc6 26. Qd3 Qd7 27. Be1 axb4 28. cxb4 Bb5 29. Rxa8 Rxa8 30. Qc2 Nd8 31. Qc7 Nc6
32. Qxd7 Nxd7 33. Bc4 Na7 34. Bd5 Rc8 35. Ra1 Rc7 36. Bb3 g6 37. Nf1 Bxf1 38.
Kxf1 Nf6 39. Nd2 Nb5 40. Bc4 Rb7 41. f3 d5 42. exd5 Bxb4 43. Ne4 Nxe4 44. Bxb4
Nbd6 45. Ra8+ Kg7 0-1

[Event "21e tournoi de Noël"]
[Site "Montigny le Bretonneux"]
[Date "2021.12.30"]
[Round "7.5"]
[White "Faris, Marouane"]
[Black "Chaintreau, Thomas"]
[Result "0-1"]
[WhiteElo "1662"]
[BlackElo "1665"]
[Annotator "Rivier,Sylvain"]
[PlyCount "60"]
[EventDate "2021.??.??"]

{Défense sicilienne, attaque Richter Rauser} 1. e4 c5 2. Nf3 d6 3. d4 Nf6 4.
Nc3 cxd4 5. Nxd4 Nc6 6. Bg5 e5 7. Bxf6 gxf6 8. Nb3 Be6 9. Nd5 f5 10. exf5 Bxf5
11. Qf3 Be6 12. Nf6+ Ke7 13. O-O-O Rc8 14. Kb1 a5 15. Nd5+ Bxd5 16. Rxd5 a4 17.
Nc1 Nd4 18. Rxd4 exd4 19. Qe4+ Kd7 20. Bb5+ Kc7 21. Qxd4 Be7 22. Bxa4 Bf6 23.
Qc4+ Kb8 24. Qxf7 Rf8 25. Qxh7 Qb6 26. Nd3 Rc3 27. Bb3 Qd4 28. Qh6 Rxd3 29.
Qxf8+ Ka7 30. Qxf6 Rd1+ 0-1

[Event "21e tournoi de NoÃ«l"]
[Site "Montigny le Bretonneux"]
[Date "2021.12.30"]
[Round "7.6"]
[White "Imbert, Christophe"]
[Black "Goujon, Antoine"]
[Result "1-0"]
[WhiteElo "1880"]
[BlackElo "1775"]
[Annotator "Rivier,Sylvain"]
[PlyCount "97"]
[EventDate "2021.??.??"]

{DÃ©fense sicilienne, Ã©tau de Maroczy} 1. e4 c5 2. Nf3 g6 3. d4 cxd4 4. Nxd4
Nc6 5. c4 Nf6 6. Nc3 d6 7. Be2 Nxd4 8. Qxd4 Bg7 9. Be3 O-O 10. Qd2 Be6 11. Rb1
Rc8 12. b3 Qa5 13. O-O a6 14. a4 Rfe8 15. Rfd1 Nd7 16. Nd5 Qxd2 17. Rxd2 Bxd5
18. exd5 a5 19. Bd3 Rc7 20. Bc2 Rec8 21. Bd3 Kf8 22. h4 h5 23. f3 Bf6 24. g4
hxg4 25. f4 Bxh4 26. Rh2 Bf6 27. Be2 g3 28. Rh3 Kg7 29. Bg4 Rh8 30. Rxg3 Nc5
31. Bf5 Kf8 32. Bc2 Ke8 33. Kg2 Kd7 34. Rf1 Rcc8 35. Rh3 Rxh3 36. Kxh3 Rh8+ 37.
Kg2 Kc7 38. Bg1 Rg8 39. Rf3 Rh8 40. Bh2 Rg8 41. Bg3 Rh8 42. Rf1 Rh5 43. Kf3 Rh8
44. Kg4 Kd7 45. f5 g5 46. Kf3 Bc3 47. f6 Bxf6 48. Kg4 Ke8 49. Bxd6 1-0